000 01416nam a2200289 a 4500
001 000048978
003 Ost
005 20260321073644.0
008 190510s2016 dr a 000 0 spa d
020 _a9789945587135
040 _aDO-SdBNP
_bspa
_cBNPHU
082 _a923.27293
_bB742H
100 1 _aHernández, Ángela,
_d1954-
_92564
245 1 0 _aJuan Bosch y Carmen Quidiello :
_bsobre todo el amor /
_cÁngela Hernández Núñez ; editor Matías Bosch C.
260 _aSanto Domingo, República Dominicana :
_bFundación Juan Bosch,
_c2016.
300 _a170 p. :
_bil., retrs. ;
_c28 cm.
500 _aIncluye datos biográficos en la solapa de la cubierta
500 _aIncluye referencias bibliográficas y notas al pie de las páginas
505 0 _aIntroducción --
_tTernura desarmante. colaboración y reciprocidad --
_tEl Encuentro. La obstinada aventura de amar --
_tDoña Carmen : Poderoso sentido de lo real y de lo imaginario --
_tJuan Bosch enamorado --
_tJuan Bosch : Creación política --
_tBajo el imperativo del deber y el hacer --
_tA modo e epílogo. sobre todo, el amor --
_tAnexo.
590 _aInventariado, 2019/VM
600 1 0 _a Bosch, Juan,
_d1909-2001
_976555
600 1 4 _aQuidiello Bosch, Carmen de,
_d1915-
_98255
651 1 4 _aRepública Dominicana
_vBiografías
_91083
700 1 _aBosch C., Matías
_eed.
_976408
910 _aValidado. Control de calidad MFF
942 _2ddc
_cLBS1
999 _c48466
_d48466